| 000 | 00446nam a2200157 a 4500 | ||
|---|---|---|---|
| 001 | 000028838 | ||
| 005 | 20240307073950.0 | ||
| 008 | 110412s1978 000 spa d | ||
| 040 |
_aDO-SdBNP _bspa _cBNPHU |
||
| 082 |
_axxx _bR426c |
||
| 110 | 1 |
_aRepública Dominicana. _b Junta Central Electoral _964605 |
|
| 245 | 1 | 0 | _aCartilla para las mesas electorales. |
| 260 |
_aSanto Domingo : _bJCE, _c1978. |
||
| 300 |
_a15 p. ; _c21 cm. |
||
| 049 | _aBNPD | ||
| 999 |
_c28330 _d28330 |
||